000 00648nam a2200241 i 4500
001 C2-0030226
003 PPAK
005 20190630222029.0
008 970218s1990 enka|||| ||||| | eng d
020 _a0140347496
040 _aPPAK
_beng
_cPPAK
_erda
082 0 4 _a823
_223
090 0 0 _a823
_bBRA
_dK
100 1 _aBradman, Tony,
_eauthor
245 1 0 _aSearch for the Saucy Sally
264 1 _aLondon :
_bPenguin Group ,
_c1990
300 _a52 pages :
_billustrations ;
_c20 cm
336 _2rdacontent
_atext
337 _2rdamedia
_aunmediated
338 _2rdacarrier
_avolume
650 1 0 _aChildren's stories, English
942 _ddc
_cB
999 _c5711
_d5711